000 00571cam a22002053a 4500
001 34129
003 PGUSA
005 20140828083734.0
008 101024s2010||||xxu|||||s|||||000 | eng d
040 _aPGUSA
_beng
042 _adc
100 1 _aLoring, Emilie Baker
245 1 4 _aThe Trail of Conflict
_h[electronic resource] /
_cEmilie Baker Loring
260 _bProject Gutenberg,
_c2010
506 _aPublic domain in the USA.
516 _aElectronic text
830 0 _aProject Gutenberg
_v34129
856 4 0 _uhttp://www.gutenberg.org/ebooks/34129
942 _cEB
999 _c263384
_d263384